Normal view
MARC view
Entry Personal Name
001 - CONTROL NUMBER
- control field: 16940
003 - CONTROL NUMBER IDENTIFIER
- control field: BD-RjUL
005 - DATE AND TIME OF LATEST TRANSACTION
- control field: 20250925114910.0
008 - FIXED-LENGTH DATA ELEMENTS
- fixed length control field: 250925|| aca||aabn | a|a d
040 ## - CATALOGING SOURCE
- Original cataloging agency: BD-RjUL
- Transcribing agency: BD-RjUL
100 ## - HEADING--PERSONAL NAME
- Personal name: Pearce, David W. (David William)
670 ## - SOURCE DATA FOUND
- Source citation: Work cat.: (BD-RjUL)85748: Pearce, David W. (David William), World without end :, 1993.